000 02024cam a22006134i 4500
003 PE-LiUPU
005 20250731170425.0
008 190110s2017 ag a rb 000 0 spa d
020 _a9876671782
020 _a9789876671781
035 _a(Sirsi) a251336
040 _aPE-LiUPU
_bspa
_cPE-LiUPU
_erda
049 _aPRUA
082 0 4 _a158.1
_bM15
_220
100 1 _aMaers, Mía,
_eautor.
245 1 0 _aYo no quería separarme... /
_cMía Maers.
246 3 _aYo no quería separarme: cómo reconstruirse despúes de una separacón
264 1 _aBuenos Aires :
_bBonum,
_c2017.
300 _a278 páginas :
_bilustraciones ;
_c22 centímetros.
336 _atext
_2rdacontent
337 _aunmediated
_2rdamedia
338 _avolume
_2rdacarrier
490 0 _aColección salud
504 _aBibliografía: páginas 277-278.
505 0 _aIntroducción -- Atropellados por un camión existencial -- La galletita mordida -- Sólo tu cara me suena -- ¡Borges tenía razón! no nos unía el amor sino el espanto -- Y sí, soy así -- Adiós a la ilusión. bienvenida, realidad -- Al infinito... ¡y más allá!.
526 _aSEG68
526 _aSEG70
526 _aSEG69
526 _aSEG67
526 _aSEG43
526 _aP144
526 _aP143
526 _aP131
526 _aP122
526 _aP120
526 _aP117
526 _aP112
526 _aP110
526 _aP106
526 _aP101
526 _aP80
526 _aP59
526 _aP54
526 _aP35
526 _aP33
526 _aP30
541 _gF002-00000786;
650 0 7 _aSeparación conyugal.
_2embne
910 _adbm
_bjpc
_cjpc
_d20190110
942 _2ddc
_cBOOK
994 _aC0
_bPEPRU
596 _a1
999 _a158.1 M15
_wDEWEY
_c30755
_i79676
_f2021-11-3
_g3
_lCCODEBUL1
_mBUL
_p19.00
_r0
_sY
_tBOOK
_u2019-1-10
_xSALUD
_zP33
_0COMPRA
_1FCOMPR2
_o.STAFF. Colección Ciencias de la Salud
_d30755
980 _81
_gALBERTO SANCHEZ Responsable de Automatización